| 000 | 00556cam a22002171 4500 | ||
|---|---|---|---|
| 001 | sa 66002714 | ||
| 003 | DLC | ||
| 005 | 20260227112231.0 | ||
| 008 | 800610s1964 ii 000 1 tam | ||
| 010 | _asa 66002714 | ||
| 035 | _a(OCoLC)34768419 | ||
| 040 |
_aDLC _cMnU _dDLC |
||
| 042 | _apremarc | ||
| 050 | 0 | 0 |
_aPL4758.9.K225 _bP3 |
| 100 | 1 | _aKaliyaperumāḷ, A. | |
| 245 | 1 | 0 |
_aPāṇṭiyan̲ celvi _b[1. patippu] |
| 260 |
_aCen̲n̲ai, _bKuyilan̲ Patippakam _c[1964] |
||
| 300 |
_a244 p. _c18 cm. |
||
| 500 | _aIn Tamil. | ||
| 500 | _aA novel. | ||
| 999 |
_c68562 _d68562 |
||